[Event "Expo Zaragoza 2008"]
[Site "SchemingMind.com"]
[Date "2008.07.24"]
[Round "-"]
[White "Richi"]
[Black "Ivancic"]
[Result "0-1"]
[WhiteCountry "GER"]
[BlackCountry "AUS"]
[WhiteElo "1767"]
[WhiteRD "88"]
[BlackElo "1930"]
[BlackRD "97"]
[GameID "164761"]

1. d4 d5 2. Bf4 c5 3. Nc3 Nc6 4. dxc5 e5 5. e4 d4 6. Bxe5 Nxe5 7. Bb5+ Nc6 8. Bxc6+ bxc6 9. Na4 Qa5+ 10. c3 dxc3
11. Nxc3 Bxc5 12. Nf3 Bb4 13. Qd4 Bxc3+ 14. bxc3 f6 15. O-O Ne7 16. Rfb1 O-O 17. Qc4+ Kh8 18. Nd4 Ba6 19. Qb4 Qxb4 20. cxb4 Rab8
21. Ne6 Rfc8 22. Nc5 Be2 23. Rb2 Bh5 24. Nd7 Rb5 25. a4 Rg5 26. f4 Rg4 27. Rf1 Be8 28. Rd2 h5 29. Nc5 f5 30. e5 Nd5
31. Rd4 g5 32. Ne6 Nxf4 33. Nxf4 Rxf4 34. Rdxf4 gxf4 35. Rxf4 Bd7 36. Rd4 Be6 37. Rh4 Kg7 38. Rxh5 Kg6 39. Rh3 c5 40. Rg3+ Kf7
41. Rh3 cxb4 42. Rh7+ Kg6 43. Rxa7 Rb8 44. h4 b3 45. Re7 b2 46. Rxe6+ Kf7 47. Rf6+ Ke7
0-1

[Event "Expo Zaragoza 2008"]
[Site "SchemingMind.com"]
[Date "2008.07.24"]
[Round "-"]
[White "Richi"]
[Black "Carl Lenox"]
[Result "1-0"]
[WhiteCountry "GER"]
[BlackCountry "CAN"]
[WhiteElo "1767"]
[WhiteRD "88"]
[BlackElo "1235"]
[BlackRD "56"]
[GameID "164762"]

1. d4 d5 2. Bf4 Nc6 3. Nc3 Nf6 4. Nb5 e5 5. dxe5 Nd7 6. e6 fxe6 7. Nxc7+ Kf7 8. Nxa8 Bc5 9. Nf3 b6 10. Ng5+ Ke7
11. e4 d4 12. Qh5 g6 13. Qh4 Nf6 14. e5 Nd5 15. Bb5 Bd7 16. Ne4+ Kf7 17. Qxd8 Rxd8 18. Nxb6 Nxb6 19. Nxc5 Be8 20. Ne4 Rd5
21. Ng5+ Kg7 22. Nxe6+ Kf7 23. Nc7 Rc5 24. Kd2 Bd7 25. Bxc6 Nc4+ 26. Kc1 Bxc6 27. e6+ Kg8 28. e7 Kf7 29. Re1 a5 30. Ne6 Kxe7
31. Nxc5+
1-0

[Event "Expo Zaragoza 2008"]
[Site "SchemingMind.com"]
[Date "2008.07.24"]
[Round "-"]
[White "Richi"]
[Black "dD3"]
[Result "1-0"]
[WhiteCountry "GER"]
[BlackCountry "RSA"]
[WhiteElo "1748"]
[WhiteRD "106"]
[BlackElo "1194"]
[BlackRD "124"]
[GameID "164763"]

1. f4 d5 2. Nf3 Nf6 3. d4 Bf5 4. e3 e6 5. Bb5+ c6 6. Bd3 Be7 7. Nc3 Na6 8. Bxa6 bxa6 9. Ne5 Ne4 10. Nxe4 Bxe4
11. Nxc6 Qc7 12. Nxe7 Qxe7 13. O-O h6 14. c4 g5 15. Qa4+ Qd7 16. Qxd7+ Kxd7 17. fxg5 hxg5 18. Rxf7+ Ke8 19. Rg7 dxc4 20. Rxg5 Kf7
21. Ra5
1-0

[Event "Expo Zaragoza 2008"]
[Site "SchemingMind.com"]
[Date "2008.07.25"]
[Round "-"]
[White "Richi"]
[Black "PlayerElite"]
[Result "1-0"]
[WhiteCountry "GER"]
[BlackCountry "RUS"]
[WhiteElo "1825"]
[WhiteRD "86"]
[BlackElo "1576"]
[BlackRD "111"]
[GameID "164764"]

1. g3 e5 2. c4 Nf6 3. Bg2 d5 4. cxd5 Nxd5 5. Nc3 c6 6. Nf3 f6 7. e4 Nb4 8. d4 exd4 9. Na4 b5 10. a3 N4a6
11. Nxd4 bxa4 12. O-O Bd6 13. Qxa4 Nc5 14. Qc2 Bd7 15. Be3 Ne6 16. Nxe6 Bxe6 17. Rfd1 Qc7 18. Rd2 O-O 19. Rad1 Rd8 20. Bf4 Qb6
21. Rxd6 Rxd6 22. Rxd6 Bf7 23. Qc3 Kf8 24. e5 Kg8 25. exf6 Be8 26. fxg7
1-0

[Event "Expo Zaragoza 2008"]
[Site "SchemingMind.com"]
[Date "2008.07.24"]
[Round "-"]
[White "Richi"]
[Black "nowhere"]
[Result "1-0"]
[WhiteCountry "GER"]
[BlackCountry "USA"]
[WhiteElo "1767"]
[WhiteRD "88"]
[BlackElo "1399"]
[BlackRD "117"]
[GameID "164765"]

1. e4 e5 2. d4 Nc6 3. d5 Nd4 4. c3 d6 5. cxd4 exd4 6. Qxd4 f5 7. Nc3 c5 8. Qa4+ Bd7 9. Bb5 Nf6 10. Bg5 Be7
11. Bxf6 Bxf6 12. exf5 a6 13. Bxd7+ Qxd7 14. Qxd7+ Kxd7 15. Nge2 Rhe8 16. O-O-O b5 17. Ng3 b4 18. Nce4 Bh4 19. Rde1 a5 20. Nh5 g6
21. Nef6+
1-0

[Event "Expo Zaragoza 2008"]
[Site "SchemingMind.com"]
[Date "2008.07.25"]
[Round "-"]
[White "Richi"]
[Black "elrancho"]
[Result "1-0"]
[WhiteCountry "GER"]
[BlackCountry "USA"]
[WhiteElo "1825"]
[WhiteRD "86"]
[BlackElo "1635"]
[BlackRD "97"]
[GameID "164766"]

1. d3 g6 2. e4 Bg7 3. Ne2 d6 4. d4 Nf6 5. Nbc3 O-O 6. f4 e5 7. dxe5 dxe5 8. Qxd8 Rxd8 9. fxe5 Nfd7 10. Bg5 Re8
11. Nd5 Bxe5 12. Ne7+ Kh8 13. Nxc8 Rxc8 14. O-O-O Re8 15. g3 Nf6 16. Bg2 Nc6 17. Rhf1 Kg7 18. Rd3 Rad8 19. Rb3 b6 20. Rbf3 Rd6
21. h3 Rf8 22. Nc3 Bxc3 23. Rxc3 Ne8 24. e5 Nxe5 25. Be7 Rd7 26. Bxf8+ Kxf8 27. Re3 Nc4 28. Ree1 Ned6 29. b3 Na3 30. Rd1 Re7
31. Kb2 Nab5 32. a4
1-0

[Event "Expo Zaragoza 2008"]
[Site "SchemingMind.com"]
[Date "2008.07.24"]
[Round "-"]
[White "lame wolf"]
[Black "Richi"]
[Result "0-1"]
[WhiteCountry "INT"]
[BlackCountry "GER"]
[WhiteElo "1074"]
[WhiteRD "50"]
[BlackElo "1748"]
[BlackRD "106"]
[GameID "164767"]

1. Nf3 Nf6 2. d4 d5 3. Qd3 Nc6 4. c4 e6 5. c5 Be7 6. Nbd2 O-O 7. g3 b6 8. Ne5 Nxe5 9. dxe5 Nd7 10. c6 Nxe5
11. Qc2 Qd6 12. e4 Nxc6 13. Be2 f5 14. Bb5 Nd4 15. Qd3 dxe4 16. Qf1 Nc2+ 17. Kd1 Nxa1 18. Qc4 Bb7
0-1

[Event "Expo Zaragoza 2008"]
[Site "SchemingMind.com"]
[Date "2008.07.24"]
[Round "-"]
[White "Ivancic"]
[Black "Richi"]
[Result "1-0"]
[WhiteCountry "AUS"]
[BlackCountry "GER"]
[WhiteElo "1930"]
[WhiteRD "97"]
[BlackElo "1767"]
[BlackRD "88"]
[GameID "164768"]

1. e4 c5 2. Nf3 g6 3. d4 cxd4 4. Nxd4 Nc6 5. Be3 e5 6. Nf3 Nf6 7. Bc4 Qa5+ 8. c3 Nxe4 9. b4 Bxb4 10. cxb4 Nxb4
11. O-O d5 12. Bb3 Bg4 13. h3 Bxf3 14. Qxf3 f5 15. Nd2 Nc6 16. Nxe4 dxe4 17. Qd1 Rd8 18. Qc2 Nd4 19. Bxd4 exd4 20. Qc4 Rd6
21. Rac1 Qb6 22. Qf7+ Kd8 23. Qg7 Re8 24. Ba4 d3 25. Bxe8 d2 26. Ba4 dxc1=Q 27. Rxc1 Rc6 28. Bxc6 bxc6 29. Qg8+ Ke7 30. Qxh7+ Kf6
31. Qd7 c5 32. Qd5 Qb4 33. Qxc5 Qb7= 34. Qc6+
1-0

[Event "Expo Zaragoza 2008"]
[Site "SchemingMind.com"]
[Date "2008.07.24"]
[Round "-"]
[White "Carl Lenox"]
[Black "Richi"]
[Result "0-1"]
[WhiteCountry "CAN"]
[BlackCountry "GER"]
[WhiteElo "1235"]
[WhiteRD "56"]
[BlackElo "1767"]
[BlackRD "88"]
[GameID "164769"]

1. e4 d5 2. Nc3 d4 3. Nd5 e5 4. Nf3 c6 5. Nf4 exf4 6. e5 Bg4 7. h3 Bxf3 8. gxf3 Qd5 9. Qe2 Nd7 10. d3 Bb4+
11. Bd2 Bxd2+ 12. Kxd2 Ne7 13. c4 Qa5+ 14. Kc2 Qxe5 15. Re1 Qxe2+ 16. Rxe2 Nc5 17. Bg2 Kd8 18. Re5 b6 19. Rhe1 Ng6 20. b4 Nxe5
21. Rxe5 Ne6 22. h4 a5 23. a3 axb4 24. axb4 Ra2+ 25. Kb3 Rxf2 26. Bh3 Rxf3 27. Bf5 Re3
0-1

[Event "Expo Zaragoza 2008"]
[Site "SchemingMind.com"]
[Date "2008.07.25"]
[Round "-"]
[White "PlayerElite"]
[Black "Richi"]
[Result "0-1"]
[WhiteCountry "RUS"]
[BlackCountry "GER"]
[WhiteElo "1576"]
[WhiteRD "111"]
[BlackElo "1825"]
[BlackRD "86"]
[GameID "164771"]

1. Nf3 f5 2. d4 e6 3. c4 Nf6 4. d5 exd5 5. cxd5 c6 6. Nc3 Bb4 7. dxc6 Bxc3+ 8. bxc3 dxc6 9. Qxd8+ Kxd8 10. Bf4 Be6
11. Rb1 Kc8 12. a3 Bd5 13. e3 Be4 14. Rb2 Bxf3 15. gxf3 Nbd7 16. c4 Rd8 17. Bh3 g6 18. Ke2 Nb6
0-1

[Event "Expo Zaragoza 2008"]
[Site "SchemingMind.com"]
[Date "2008.07.24"]
[Round "-"]
[White "nowhere"]
[Black "Richi"]
[Result "0-1"]
[WhiteCountry "USA"]
[BlackCountry "GER"]
[WhiteElo "1454"]
[WhiteRD "149"]
[BlackElo "1748"]
[BlackRD "106"]
[GameID "164772"]

1. e4 e5 2. Nf3 Nf6 3. Bc4 Nxe4 4. d3 Nf6 5. O-O d5 6. Bb3 Nc6 7. Re1 Bd6 8. d4 e4 9. Nh4 Be6 10. Nc3 O-O
11. f3 Ng4 12. fxg4 Qxh4 13. Bxd5 Bxh2+ 14. Kf1 Qf6+ 15. Ke2 Bxg4+ 16. Ke3 Qf4#
0-1

[Event "Expo Zaragoza 2008"]
[Site "SchemingMind.com"]
[Date "2008.07.25"]
[Round "-"]
[White "elrancho"]
[Black "Richi"]
[Result "0-1"]
[WhiteCountry "USA"]
[BlackCountry "GER"]
[WhiteElo "1635"]
[WhiteRD "97"]
[BlackElo "1825"]
[BlackRD "86"]
[GameID "164773"]

1. e4 e5 2. Nf3 d6 3. d4 Nd7 4. Bc4 c6 5. O-O Ngf6 6. Nc3 Be7 7. Be3 O-O 8. d5 Nb6 9. Qd3 Bg4 10. Bd2 Bxf3
11. gxf3 Nxc4 12. Qxc4 cxd5 13. Nxd5 Qe8 14. Qc7 Nxd5 15. exd5 b5 16. Rac1 f5 17. c4 bxc4 18. Rxc4 Rb8 19. Bb4 Rc8 20. Qxc8 Qxc8
21. Rxc8 Rxc8 22. Rd1 Rc2 23. Rd2 Rc1+ 24. Kg2 Kf7 25. b3 Kf6 26. Ba3 Rc7 27. f4 exf4 28. Re2 Kf7 29. Kf3 g5 30. h4 Rc3+
0-1

[Event "Expo Zaragoza 2008"]
[Site "SchemingMind.com"]
[Date "2008.07.24"]
[Round "-"]
[White "dansch"]
[Black "lame wolf"]
[Result "1-0"]
[WhiteCountry "GER"]
[BlackCountry "INT"]
[WhiteElo "1836"]
[WhiteRD "179"]
[BlackElo "1074"]
[BlackRD "50"]
[GameID "164802"]

1. e4 e5 2. Nf3 Nc6 3. d4 Nxd4 4. Nxd4 exd4 5. Qxd4 d6 6. Bc4 Qe7 7. O-O c5 8. Qd3 Be6 9. Bxe6 Qxe6 10. Qb5+ Qd7
11. Qxd7+ Kxd7 12. Nc3 Be7 13. Bf4 Nf6 14. Rad1 b6 15. a3 a6 16. Rd2 Kc6 17. Rfd1 Rhd8 18. f3 Ra7 19. b4 Rad7 20. g4 Rb7
21. Nd5 Nxd5 22. exd5+ Kb5 23. Re1 a5 24. bxc5 g5 25. cxd6 Bxd6 26. Bxg5 Ka4 27. Bxd8 Kxa3 28. Rd3+ Kb2 29. Bf6+ Kxc2 30. Rc3+ Kd2
31. Kf2 Bc5+ 32. Kf1 Bb4 33. Re2+ Kd1 34. Rd3+ Kc1 35. Bg5+
1-0

[Event "Expo Zaragoza 2008"]
[Site "SchemingMind.com"]
[Date "2008.07.25"]
[Round "-"]
[White "dansch"]
[Black "Ivancic"]
[Result "0-1"]
[WhiteCountry "GER"]
[BlackCountry "AUS"]
[WhiteElo "1592"]
[WhiteRD "113"]
[BlackElo "1930"]
[BlackRD "97"]
[GameID "164803"]

1. e4 e5 2. Nf3 Nc6 3. d4 exd4 4. Nxd4 Bc5 5. Be3 Qf6 6. Nf5 Bxe3 7. Nxe3 Qxb2 8. Nd2 Nf6 9. Ndc4 Qc3+ 10. Qd2 Qxa1+
11. Qd1 Qxd1+ 12. Kxd1 Nxe4 13. Ke2 O-O 14. f3 Nc3+ 15. Kd3 Nxa2 16. Nd5 Nab4+ 17. Kc3 Nxd5+
0-1

[Event "Expo Zaragoza 2008"]
[Site "SchemingMind.com"]
[Date "2008.07.24"]
[Round "-"]
[White "dansch"]
[Black "Richi"]
[Result "0-1"]
[WhiteCountry "GER"]
[BlackCountry "GER"]
[WhiteElo "1592"]
[WhiteRD "113"]
[BlackElo "1767"]
[BlackRD "88"]
[GameID "164805"]

1. e4 c6 2. d4 d5 3. Nc3 dxe4 4. Nxe4 Nf6 5. Nxf6+ exf6 6. c3 Bd6 7. Nf3 Bg4 8. h3 Bxf3 9. Qxf3 O-O 10. Bd3 Nd7
11. O-O Re8 12. Bh6 gxh6 13. Qf5 Nf8 14. Rae1 Rxe1 15. Rxe1 Ng6 16. a4 Bc7 17. b4 Qd6 18. g3 a5 19. b5 Qa3 20. b6 Qxc3
21. Re8+ Rxe8 22. bxc7 Qe1+ 23. Kh2 Qe6 24. Qxa5 Qd6 25. Qb6 Rc8 26. Qxb7 Rxc7 27. Qb8+ Kg7 28. f4 Rd7
0-1

[Event "Expo Zaragoza 2008"]
[Site "SchemingMind.com"]
[Date "2008.07.25"]
[Round "-"]
[White "dansch"]
[Black "PlayerElite"]
[Result "0-1"]
[WhiteCountry "GER"]
[BlackCountry "RUS"]
[WhiteElo "1592"]
[WhiteRD "113"]
[BlackElo "1868"]
[BlackRD "143"]
[GameID "164807"]

1. e4 c5 2. Nf3 Nc6 3. d4 cxd4 4. Nxd4 Nf6 5. Nc3 e6 6. Bg5 Bb4 7. Bb5 Qa5 8. O-O Bxc3 9. Bxf6 gxf6 10. bxc3 Nxd4
11. Bxd7+ Bxd7 12. Qxd4 Qe5 13. Qd3 Rd8 14. Rfd1 O-O 15. Rab1 Bb5 16. Qxb5 Rxd1+
0-1

[Event "Expo Zaragoza 2008"]
[Site "SchemingMind.com"]
[Date "2008.07.24"]
[Round "-"]
[White "dansch"]
[Black "nowhere"]
[Result "1-0"]
[WhiteCountry "GER"]
[BlackCountry "USA"]
[WhiteElo "1592"]
[WhiteRD "113"]
[BlackElo "1399"]
[BlackRD "117"]
[GameID "164808"]

1. e4 e5 2. Nf3 Nc6 3. d4 exd4 4. Nxd4 Nf6 5. Nxc6 bxc6 6. Nc3 Bb4 7. a3 Bxc3+ 8. bxc3 O-O 9. Bd3 d5 10. e5 Re8
11. Bf4 h6 12. c4 Rb8 13. Rb1 Rxb1 14. Qxb1 dxc4 15. Be2 Qd4 16. Qc1 Ne4 17. O-O Nc3 18. Bf3 Na2 19. Qd2 Qb2 20. Bxc6 Rf8
21. Qe2 c3 22. Bd5 Qxa3 23. e6 fxe6 24. Bxe6+ Bxe6 25. Qxe6+ Kh8 26. Be5 Qa4 27. Qxh6+
1-0

[Event "Expo Zaragoza 2008"]
[Site "SchemingMind.com"]
[Date "2008.07.25"]
[Round "-"]
[White "dansch"]
[Black "elrancho"]
[Result "1-0"]
[WhiteCountry "GER"]
[BlackCountry "USA"]
[WhiteElo "1627"]
[WhiteRD "101"]
[BlackElo "1635"]
[BlackRD "97"]
[GameID "164809"]

1. e4 e5 2. Nf3 Nc6 3. Bb5 a6 4. Ba4 Nf6 5. d4 exd4 6. Nxd4 Nxd4 7. Qxd4 b5 8. Bb3 d6 9. O-O Qe7 10. Re1 d5
11. Bxd5 Nxd5 12. Qxd5 Rb8 13. Bf4 g6 14. Be5 f6 15. Qc6+ Bd7 16. Qxf6 Qxf6 17. Bxf6 Rg8 18. Nd2 Bg7 19. Bxg7 Rxg7 20. f3 Kf8
21. b4 Kg8 22. Rad1 Rd8 23. g4 h5 24. g5 Re7 25. Nb3 Rde8 26. Nc5 Bc6 27. h4 Rf8 28. Re3 Rf4 29. Rc3 Rxh4 30. Nxa6 Bb7
31. Nc5 Bc8 32. Rd8+
1-0

[Event "Expo Zaragoza 2008"]
[Site "SchemingMind.com"]
[Date "2008.07.24"]
[Round "-"]
[White "lame wolf"]
[Black "dansch"]
[Result "0-1"]
[WhiteCountry "INT"]
[BlackCountry "GER"]
[WhiteElo "1074"]
[WhiteRD "50"]
[BlackElo "1836"]
[BlackRD "179"]
[GameID "164810"]

1. Nc3 c5 2. d4 cxd4 3. Ne4 d5 4. Ng3 e5 5. e4 Nf6 6. exd5 Qxd5 7. f3 Be7 8. c4 Qc5 9. Bd3 Qb4+ 10. Qd2 Nc6
11. Qxb4 Nxb4 12. Kd2 g6 13. a3 Nxd3 14. Kxd3 Bf5+ 15. Nxf5 gxf5 16. f4 exf4 17. Bxf4 Rd8 18. Nf3 Rg8 19. g3 Ne4 20. Rhf1 Nc5+
21. Kc2 d3+ 22. Kd1 Bf6 23. Be5 Bxe5 24. Nxe5 Nb3 25. Ra2 a5 26. Rxf5 a4 27. h4 Rxg3 28. Nxf7 Rg1+
0-1

[Event "Expo Zaragoza 2008"]
[Site "SchemingMind.com"]
[Date "2008.07.26"]
[Round "-"]
[White "Ivancic"]
[Black "dansch"]
[Result "1-0"]
[WhiteCountry "AUS"]
[BlackCountry "GER"]
[WhiteElo "1930"]
[WhiteRD "97"]
[BlackElo "1592"]
[BlackRD "113"]
[GameID "164811"]

1. e4 e5 2. Nf3 Nc6 3. Bb5 a6 4. Ba4 b5 5. Bb3 Bb4 6. O-O Nf6 7. c3 Bc5 8. d4 Ba7 9. dxe5 Nxe5 10. Nxe5 O-O
11. Nxf7 Rxf7 12. Bxf7+ Kxf7 13. e5 Nd5 14. Qxd5+
1-0

[Event "Expo Zaragoza 2008"]
[Site "SchemingMind.com"]
[Date "2008.07.26"]
[Round "-"]
[White "Carl Lenox"]
[Black "dansch"]
[Result "0-1"]
[WhiteCountry "CAN"]
[BlackCountry "GER"]
[WhiteElo "1235"]
[WhiteRD "56"]
[BlackElo "1592"]
[BlackRD "113"]
[GameID "164812"]

1. e4 e5 2. Nf3 Nc6 3. Bc4 Nf6 4. b3 d5 5. Bd3 dxe4 6. Nxe5 Nxe5 7. Be2 Bc5 8. Bb2 Nfg4 9. h3 Qh4 10. g3 Bxf2+
11. Kf1 Bxg3 12. Kg2 Nf2 13. Qf1 Bxh3+
0-1

[Event "Expo Zaragoza 2008"]
[Site "SchemingMind.com"]
[Date "2008.07.26"]
[Round "-"]
[White "Richi"]
[Black "dansch"]
[Result "1-0"]
[WhiteCountry "GER"]
[BlackCountry "GER"]
[WhiteElo "1767"]
[WhiteRD "88"]
[BlackElo "1592"]
[BlackRD "113"]
[GameID "164813"]

1. f4 Nf6 2. d4 d5 3. e3 Bf5 4. Bb5+ c6 5. Bd3 Be4 6. Bxe4 Nxe4 7. Nd2 Nd6 8. Ngf3 Nd7 9. Qe2 e6 10. e4 Be7
11. e5 Nf5 12. Nb3 O-O 13. Be3 Nb6 14. O-O-O a5 15. Nbd2 a4 16. a3 Nxe3 17. Qxe3 Qc7 18. g4 c5 19. h4 cxd4 20. Nxd4 Bc5
21. Qc3 Rfc8 22. N4f3 Be3 23. Qxc7 Rxc7 24. f5 exf5 25. gxf5 Nc4 26. Rde1 Bf4 27. f6 gxf6 28. Rhg1+ Kf8 29. exf6 Re8 30. Rg8+ Kxg8
31. Rxe8#
1-0

[Event "Expo Zaragoza 2008"]
[Site "SchemingMind.com"]
[Date "2008.07.26"]
[Round "-"]
[White "PlayerElite"]
[Black "dansch"]
[Result "1-0"]
[WhiteCountry "RUS"]
[BlackCountry "GER"]
[WhiteElo "1868"]
[WhiteRD "143"]
[BlackElo "1592"]
[BlackRD "113"]
[GameID "164815"]

1. Nf3 Nf6 2. d4 e6 3. Bf4 d5 4. Nbd2 Bb4 5. c3 Bd6 6. Bg5 h6 7. Bxf6 Qxf6 8. e4 O-O 9. e5 Bxe5 10. dxe5 Qf5
11. Qb1 Qxb1+ 12. Rxb1 f6 13. c4 fxe5 14. Nxe5 Nd7 15. Nxd7 Bxd7 16. Nf3 dxc4 17. Bxc4 c6 18. Rd1 Rad8 19. Rxd7
1-0

[Event "Expo Zaragoza 2008"]
[Site "SchemingMind.com"]
[Date "2008.07.24"]
[Round "-"]
[White "nowhere"]
[Black "dansch"]
[Result "0-1"]
[WhiteCountry "USA"]
[BlackCountry "GER"]
[WhiteElo "1399"]
[WhiteRD "117"]
[BlackElo "1592"]
[BlackRD "113"]
[GameID "164816"]

1. e4 e5 2. Nf3 Nf6 3. Nxe5 d6 4. Nf3 Nxe4 5. Nc3 Nf6 6. Bc4 Be7 7. O-O O-O 8. d4 c6 9. Bf4 d5 10. Bxb8 Rxb8
11. Bd3 Re8 12. Re1 Bb4 13. Rxe8+ Qxe8 14. a3 Bd6 15. Nh4 b5 16. Bf5 Bxf5 17. Nxf5 Bc7 18. Qd2 Qd7 19. Qg5 Ne8 20. Re1 g6
21. Ne7+ Kf8 22. h4 Kg7 23. h5 Bd6 24. Nf5+ Qxf5 25. Qh4 Qxc2 26. h6+ Kg8 27. Nd1 Qd2 28. Kf1 c5 29. dxc5 Bxc5 30. Qg3 Rc8
31. b4 Bf8 32. Qf3 Bxh6 33. Re7 Nd6 34. Rd7 Rc1
0-1

[Event "Expo Zaragoza 2008"]
[Site "SchemingMind.com"]
[Date "2008.07.26"]
[Round "-"]
[White "elrancho"]
[Black "dansch"]
[Result "1/2-1/2"]
[WhiteCountry "USA"]
[BlackCountry "GER"]
[WhiteElo "1635"]
[WhiteRD "97"]
[BlackElo "1627"]
[BlackRD "101"]
[GameID "164817"]

1. e4 e5 2. Nf3 Nc6 3. Nc3 Bb4 4. Nd5 Nf6 5. Nxb4 Nxb4 6. c3 Nc6 7. Qc2 O-O 8. d4 Re8 9. Bd3 d5 10. exd5 Nxd5
11. O-O g6 12. Re1 exd4 13. Rxe8+ Qxe8 14. cxd4 Bg4 15. Bd2 Bxf3 16. gxf3 Nxd4 17. Qd1 Qe5 18. Rc1 Nf4 19. Bxf4 Qxf4 20. Rc4 Nxf3+
21. Kg2 Nd4 22. Bxg6 hxg6 23. Rxd4 Qg5+ 24. Kh1 Re8 25. Rd7 Re7=
1/2-1/2

[Event "Expo Zaragoza 2008"]
[Site "SchemingMind.com"]
[Date "2008.07.25"]
[Round "-"]
[White "lemmie"]
[Black "lame wolf"]
[Result "1-0"]
[WhiteCountry "NED"]
[BlackCountry "INT"]
[WhiteElo "1745"]
[WhiteRD "51"]
[BlackElo "1074"]
[BlackRD "50"]
[GameID "164869"]

1. e4 e5 2. Nf3 Nc6 3. Bc4 a6 4. c3 b5 5. Bd5 Rb8 6. Qb3 a5 7. Bxf7+ Ke7 8. Bxg8 b4 9. Bd5 Bb7 10. d3 Ke8
11. Bg8 Ne7 12. Qf7#
1-0

[Event "Expo Zaragoza 2008"]
[Site "SchemingMind.com"]
[Date "2008.07.25"]
[Round "-"]
[White "lemmie"]
[Black "Ivancic"]
[Result "0-1"]
[WhiteCountry "NED"]
[BlackCountry "AUS"]
[WhiteElo "1744"]
[WhiteRD "47"]
[BlackElo "1930"]
[BlackRD "97"]
[GameID "164870"]

1. e4 e5 2. Nf3 Nc6 3. Bc4 Nf6 4. Ng5 d5 5. exd5 Na5 6. Bb5+ c6 7. dxc6 bxc6 8. Be2 Bd6 9. d3 O-O 10. O-O c5
11. Nc3 a6 12. Bd2 h6 13. Nge4 Nc6 14. Nxf6+ Qxf6 15. Ne4 Qg6 16. g3 f5 17. Nxd6 Qxd6 18. Bf3 Rb8 19. b3 Nd4 20. Bg2 f4
21. c3 f3 22. cxd4 fxg2 23. Kxg2 cxd4 24. f4 Bb7+ 25. Kg1 Qd5 26. Kf2 Qg2+ 27. Ke1 exf4 28. Bxf4 Rfe8+
0-1

[Event "Expo Zaragoza 2008"]
[Site "SchemingMind.com"]
[Date "2008.07.25"]
[Round "-"]
[White "lemmie"]
[Black "Carl Lenox"]
[Result "1-0"]
[WhiteCountry "NED"]
[BlackCountry "CAN"]
[WhiteElo "1744"]
[WhiteRD "47"]
[BlackElo "1235"]
[BlackRD "56"]
[GameID "164871"]

1. e4 e5 2. Nf3 Nc6 3. Bc4 Qe7 4. Nc3 Nf6 5. d3 d6 6. h3 Be6 7. Bxe6 Qxe6 8. Ng5 Qe7 9. Nf3 g6 10. Bg5 h6
11. Nd5 hxg5 12. Nxe7 Bxe7 13. Nxg5 Rf8 14. h4 O-O-O 15. a4 d5 16. exd5 Nd4 17. c3 Nf5 18. Qb3 Rxd5 19. O-O-O Rfd8 20. Kc2 Bc5
21. Nxf7 R8d7 22. Ng5 Bxf2 23. Ne4 Ne3+ 24. Kc1 Nxd1 25. Rxd1 Ng4 26. c4 Be3+ 27. Kc2 Rd4 28. Nc5 Rf7 29. Qxb7+ Kd8 30. Qb8+ Ke7
31. Qxc7+ Kf6 32. Rf1+ Bf2 33. Qc6+ Kg7 34. Ne6+ Kh6 35. Nxd4 Ne3+ 36. Kb3 Nxf1 37. Nf3 Ne3 38. Nxe5 Bxh4 39. Qxg6#
1-0

[Event "Expo Zaragoza 2008"]
[Site "SchemingMind.com"]
[Date "2008.07.25"]
[Round "-"]
[White "lemmie"]
[Black "Richi"]
[Result "0-1"]
[WhiteCountry "NED"]
[BlackCountry "GER"]
[WhiteElo "1744"]
[WhiteRD "47"]
[BlackElo "1767"]
[BlackRD "88"]
[GameID "164872"]

1. e4 Nf6 2. e5 Nd5 3. d4 d6 4. Nf3 g6 5. Bc4 Be6 6. Bxd5 Bxd5 7. O-O Nc6 8. Be3 Bg7 9. exd6 Qxd6 10. c3 O-O-O
11. b3 e5 12. dxe5 Bxe5 13. Nbd2 Bxc3 14. Rc1 Bxd2 15. Nxd2 Rhe8 16. Nc4 Qf8 17. Qg4+ f5 18. Qg3 Re4 19. Bf4 Bxc4 20. Rxc4 Rdd4
21. Rxd4 Nxd4 22. Kh1 Ne2 23. Qf3 Nxf4 24. g3 Ne2 25. Qd3 Qd8 26. Qc2 Qd5 27. f3 Re3 28. Rf2 Rxf3
0-1

[Event "Expo Zaragoza 2008"]
[Site "SchemingMind.com"]
[Date "2008.07.26"]
[Round "-"]
[White "lemmie"]
[Black "dansch"]
[Result "0-1"]
[WhiteCountry "NED"]
[BlackCountry "GER"]
[WhiteElo "1745"]
[WhiteRD "51"]
[BlackElo "1836"]
[BlackRD "179"]
[GameID "164874"]

1. e4 e5 2. Nf3 Nc6 3. Bc4 Be7 4. c3 Nf6 5. d3 O-O 6. O-O d5 7. exd5 Nxd5 8. h3 Bf5 9. Qe2 Qd6 10. Bg5 Bxg5
11. Nxg5 Nf4 12. Qe3 Qg6 13. Nxf7 Qxg2#
0-1

[Event "Expo Zaragoza 2008"]
[Site "SchemingMind.com"]
[Date "2008.07.25"]
[Round "-"]
[White "lemmie"]
[Black "PlayerElite"]
[Result "0-1"]
[WhiteCountry "NED"]
[BlackCountry "RUS"]
[WhiteElo "1744"]
[WhiteRD "47"]
[BlackElo "1868"]
[BlackRD "143"]
[GameID "164875"]

1. e4 c5 2. Nf3 Nc6 3. Nc3 e6 4. d4 cxd4 5. Nxd4 Nf6 6. Nxc6 dxc6 7. Qxd8+ Kxd8 8. Bg5 e5 9. Bc4 Ke8 10. Bxf6 gxf6
11. O-O-O Rg8 12. g3 Bc5 13. Rd2 Bg4 14. h3 Bf3 15. Re1 Ke7 16. a3 Rad8 17. Bd3 a6 18. Na4 Ba7 19. c4 Bg2 20. h4 Bh3
21. c5 Rd4 22. Bc2 Rgd8 23. Rxd4 Rxd4 24. Re3 Bf1 25. Re1 Bb5 26. b4 a5 27. Nc3 axb4 28. Nxb5 cxb5 29. axb4 Rxb4 30. Rd1 Bxc5
31. f4 Be3+
0-1

[Event "Expo Zaragoza 2008"]
[Site "SchemingMind.com"]
[Date "2008.07.25"]
[Round "-"]
[White "lemmie"]
[Black "nowhere"]
[Result "1-0"]
[WhiteCountry "NED"]
[BlackCountry "USA"]
[WhiteElo "1745"]
[WhiteRD "51"]
[BlackElo "1454"]
[BlackRD "149"]
[GameID "164876"]

1. e4 e5 2. Nf3 Nc6 3. Bc4 Nf6 4. Ng5 d5 5. exd5 Nxd5 6. Nxf7 Kxf7 7. Qf3+ Ke6 8. Nc3 Nd4 9. Bxd5+ Kd6 10. Qd3 Bf5
11. Be4 Bxe4 12. Nxe4+ Ke7 13. c3 Nc6 14. Qg3 Ke8 15. O-O g6 16. d3 Bd6 17. Bg5 Be7 18. Bxe7 Qxe7 19. h3 Rd8 20. Rad1 b5
21. f4 Rf8 22. fxe5 Rxf1+ 23. Rxf1 Nxe5 24. Nf6+ Kf8 25. Nd5+ Qf7 26. Qxe5 Kg8 27. Rxf7 Kxf7 28. Qf6+ Ke8 29. Qe7#
1-0

[Event "Expo Zaragoza 2008"]
[Site "SchemingMind.com"]
[Date "2008.07.25"]
[Round "-"]
[White "lemmie"]
[Black "elrancho"]
[Result "0-1"]
[WhiteCountry "NED"]
[BlackCountry "USA"]
[WhiteElo "1728"]
[WhiteRD "48"]
[BlackElo "1635"]
[BlackRD "97"]
[GameID "164877"]

1. e4 e5 2. Nf3 Nc6 3. Bc4 Nf6 4. Ng5 d5 5. exd5 Na5 6. Bb5+ c6 7. dxc6 bxc6 8. Be2 h6 9. Nf3 Bd6 10. d3 Be6
11. O-O O-O 12. Bd2 e4 13. dxe4 Nxe4 14. Nc3 Nxd2 15. Qxd2 Re8 16. h3 Rb8 17. b3 Bb4 18. Qxd8 Rbxd8 19. Na4 Bxb3 20. axb3 Rxe2
21. Rac1 Bd2 22. Nxd2 Rexd2 23. Nc5 R2d5 24. Nd3 c5 25. Nf4 R5d6 26. Ra1 Ra6 27. c3 Rdd6 28. b4 cxb4 29. cxb4 Rd4 30. Ne2 Rxb4
31. Nc3 Rbb6 32. Nd5 Nb3 33. Rab1 Nd2 34. Nxb6 Nxb1 35. Rxb1 Rxb6 36. Ra1 a6 37. Ra2 Kf8 38. f3 Ke7 39. Kf2 Kd6 40. Ke3 Kc5
41. Kd3 Kb5 42. Kc3 a5 43. Kb3 Ra6 44. Ka3 a4 45. Rb2+ Kc6 46. Rd2 Ra7 47. Rd4 Kc5 48. Re4= Kd5 49. g3 f5 50. Rb4 Ra6
51. g4 Ke5 52. f4+ Kf6 53. Rb5 fxg4 54. hxg4 g5 55. fxg5+ hxg5 56. Rf5+= Kg6 57. Rb5 Rf6 58. Rb4 Rf4 59. Rxa4 Rxa4+ 60. Kxa4 Kf6
61. Kb4 Ke5 62. Kc3 Kf4 63. Kd3 Kxg4 64. Ke2 Kg3 65. Ke3 g4 66. Ke2 Kh2
0-1